Art of the Renaissance bronze, 1500-1650 / (Record no. 20477)

000 -LEADER
fixed length control field 01919cam a22004097a 4500
001 - CONTROL NUMBER
control field 14019716
005 - DATE AND TIME OF LATEST TRANSACTION
control field 20170119095155.0
008 - FIXED-LENGTH DATA ELEMENTS--GENERAL INFORMATION
fixed length control field 050629s2004 enka e bc 000 0 eng d
010 ## - LIBRARY OF CONGRESS CONTROL NUMBER
LC control number 2005278779
015 ## - NATIONAL BIBLIOGRAPHY NUMBER
National bibliography number GBA463931
Source bnb
016 7# - NATIONAL BIBLIOGRAPHIC AGENCY CONTROL NUMBER
Record control number 012981834
Source Uk
020 ## - INTERNATIONAL STANDARD BOOK NUMBER
International Standard Book Number 0856675903 (hbk.)
035 ## - SYSTEM CONTROL NUMBER
System control number (OCoLC)ocm56645986
042 ## - AUTHENTICATION CODE
Authentication code lccopycat
050 00 - LIBRARY OF CONGRESS CALL NUMBER
Classification number NK7903 .S64R33 2004
100 1# - MAIN ENTRY--PERSONAL NAME
Personal name Radcliffe, Anthony.
245 10 - TITLE STATEMENT
Title Art of the Renaissance bronze, 1500-1650 /
Statement of responsibility, etc. Anthony Radcliffe and Nicholas Penny ; with contributions by Marietta Camberari and Fabio Barry and an essay on technique by Shelley Sturman.
260 ## - PUBLICATION, DISTRIBUTION, ETC. (IMPRINT)
Place of publication, distribution, etc. London :
Name of publisher, distributor, etc. Philip Wilson ;
Place of publication, distribution, etc. New York :
Name of publisher, distributor, etc. Distributed by Palgrave Macmillan,
Date of publication, distribution, etc. 2004.
300 ## - PHYSICAL DESCRIPTION
Extent 312 p. :
Other physical details col. ill. ;
Dimensions 28 cm.
504 ## - BIBLIOGRAPHY, ETC. NOTE
Bibliography, etc Includes bibliographical references (p. 311-312).
600 10 - SUBJECT ADDED ENTRY--PERSONAL NAME
Personal name Smith, Robert H.,
Dates associated with a name 1929-
General subdivision Art collections
Form subdivision Catalogs.
650 #0 - SUBJECT ADDED ENTRY--TOPICAL TERM
Topical term or geographic name as entry element Bronzes
General subdivision Private collections.
650 #0 - SUBJECT ADDED ENTRY--TOPICAL TERM
Topical term or geographic name as entry element Bronze sculpture
General subdivision Private collections.
650 #0 - SUBJECT ADDED ENTRY--TOPICAL TERM
Topical term or geographic name as entry element Bronzes, Italian
Form subdivision Catalogs.
650 #0 - SUBJECT ADDED ENTRY--TOPICAL TERM
Topical term or geographic name as entry element Bronze sculpture, Renaissance
Form subdivision Catalogs.
650 #0 - SUBJECT ADDED ENTRY--TOPICAL TERM
Topical term or geographic name as entry element Bronzes, Renaissance
Form subdivision Catalogs.
650 #0 - SUBJECT ADDED ENTRY--TOPICAL TERM
Topical term or geographic name as entry element Bronze sculpture, Italian
Form subdivision Catalogs.
700 1# - ADDED ENTRY--PERSONAL NAME
Personal name Penny, Nicholas,
Dates associated with a name 1949-
856 42 - ELECTRONIC LOCATION AND ACCESS
Materials specified Contributor biographical information
Uniform Resource Identifier <a href="http://www.loc.gov/catdir/enhancements/fy0626/2005278779-b.html">http://www.loc.gov/catdir/enhancements/fy0626/2005278779-b.html</a>
856 42 - ELECTRONIC LOCATION AND ACCESS
Materials specified Publisher description
Uniform Resource Identifier <a href="http://www.loc.gov/catdir/enhancements/fy0626/2005278779-d.html">http://www.loc.gov/catdir/enhancements/fy0626/2005278779-d.html</a>
856 41 - ELECTRONIC LOCATION AND ACCESS
Materials specified Table of contents only
Uniform Resource Identifier <a href="http://www.loc.gov/catdir/enhancements/fy0626/2005278779-t.html">http://www.loc.gov/catdir/enhancements/fy0626/2005278779-t.html</a>
942 ## - ADDED ENTRY ELEMENTS (KOHA)
Source of classification or shelving scheme
Koha item type Hard Covered Materials
Classification part NK7903 .S64R33 2004
Holdings
Withdrawn status Lost status Source of classification or shelving scheme Damaged status Not for loan Home library Current library Shelving location Date acquired Source of acquisition Total Checkouts Full call number Barcode Date last seen Price effective from Koha item type
          MACHAKOS UNIVERSITY LIBRARY MACHAKOS UNIVERSITY LIBRARY Technical section 19/01/2017 Donation(BFA)   NK7903 .S64R33 2004 30765 08/06/2018 19/01/2017 Hard Covered Materials
© Machakos University Library, Along The Highway, Machakos Wote Rd, Machakos, Kenya P.O. Box 136 - 90100 Machakos - Kenya

Tel: ( +254 ) 723 805829 OR Fax : 044-20353 OR Email: library@mksu.ac.ke